00314nam a2200109Ia 4500008004100000020001600041100001700057245005400074260002400128500002400152650002800176230524s9999 xx 000 0 und d a9.78818E+12 aSumrit Shahi 0aJust Friends: Can a Girl and Boy just be Friends bMahaveer Publishers aQuantity Number: 1 aPersonality Development